01474nac a22003731u 4500003000900000005001700009008004100026020001500067020001800082040004300100082002300143100004100166245017100207250002000378264005100398264001000449300004400459336002600503337002800529338002700557500003600584504005100620650003800671650003300709650003900742650005200781651001000833653001300843655002400856700004500880942001200925999001500937952014800952EG-ScBUE20220606102910.0200219t2006 maua f b 001 0 eng d a0205443281 a9780205443284 aEG-ScBUEbengerdacEG-ScBUEdEG-ScBUE04a428.40711bMCK2221 aMcKenna, Michael C., eauthor.10aTeaching through text :breading and writing in the content areas /cMichael C. McKenna, University of Virginia, Richard D. Robinson, University of Missouri-Columbia. aFourth edition. 1aBoston, MA :bPearson Education, Inc.,c[2006] 4cc2006 aix, 350 pages :billustrations ;c24 cm 2rdacontentatextbtxt 2rdamediaaunmediatedbn 2rdacarrieravolumebnc aDistributer: Academic BookShop. aIncludes bibliographical references and index. 7aReading (Higher education)2BUEsh 7aContent area reading.2BUEsh 7aEnglish languagexRhetoric.2BUEsh 7aInterdisciplinary approach in education.2BUEsh 2BUEsh bHHUUEENN vReading book9342321 aRobinson, Richard David,d1940-eauthor. cBB2ddc c6182d6182 00102ddc40708BaccahaMAINbMAINc2NDd2014-11-07ePurchasel3m5o428.40711 MCKp000007630r2025-07-15 00:00:00s2015-10-25w2007-11-14yBB